[Event "April 9 Late 2024"]
[Site "Chess.com"]
[Date "2024.04.09"]
[Round "11"]
[White "Fiorito, Francisco"]
[Black "Salinas Herrera, Pablo"]
[Result "1-0"]
[Board "23"]
[WhiteFideId "180165"]
[BlackFideId "3407128"]
[WhiteTitle "FM"]
[BlackTitle "GM"]
[WhiteElo "2748"]
[BlackElo "2884"]
[WhiteTeam "ARG"]
[BlackTeam "CHI"]
[WhiteClock "0:00:36"]
[BlackClock "0:00:00"]
[Variant "Standard"]

1. Nf3 {[%clk 0:03:00]}  d5 {[%clk 0:02:59]} 2. g3 {[%clk 0:03:01]}  Bf5 {[%clk 0:03:00]} 3. Bg2 {[%clk 0:03:01]}  e6 {[%clk 0:03:00]} 4. O-O {[%clk 0:03:01]}  h6 {[%clk 0:03:01]} 5. c4 {[%clk 0:03:00]}  c6 {[%clk 0:03:01]} 6. cxd5 {[%clk 0:03:00]}  exd5 {[%clk 0:03:01]} 7. d3 {[%clk 0:03:01]}  Nf6 {[%clk 0:03:00]} 8. Nc3 {[%clk 0:03:01]}  Bh7 {[%clk 0:02:59]} 9. Qb3 {[%clk 0:03:01]}  Qb6 {[%clk 0:02:46]} 10. Qc2 {[%clk 0:03:00]}  Nbd7 {[%clk 0:02:45]} 11. e4 {[%clk 0:03:00]}  dxe4 {[%clk 0:02:45]} 12. dxe4 {[%clk 0:03:01]}  Be7 {[%clk 0:02:42]} 13. Be3 {[%clk 0:02:57]}  Qa5 {[%clk 0:02:39]} 14. Rfd1 {[%clk 0:02:55]}  O-O {[%clk 0:02:39]} 15. Nd4 {[%clk 0:02:53]}  Rfe8 {[%clk 0:02:38]} 16. Nf5 {[%clk 0:02:39]}  Bxf5 {[%clk 0:02:38]} 17. exf5 {[%clk 0:02:40]}  Bc5 {[%clk 0:02:33]} 18. Bf4 {[%clk 0:02:30]}  Ne5 {[%clk 0:02:07]} 19. a3 {[%clk 0:02:17]}  Bf8 {[%clk 0:01:28]} 20. h3 {[%clk 0:02:12]}  Rad8 {[%clk 0:01:13]} 21. Rxd8 {[%clk 0:02:08]}  Qxd8 {[%clk 0:01:14]} 22. Rd1 {[%clk 0:02:07]}  Qc8 {[%clk 0:01:14]} 23. g4 {[%clk 0:02:06]}  Ned7 {[%clk 0:01:01]} 24. b4 {[%clk 0:01:58]}  Nb6 {[%clk 0:00:59]} 25. Qd3 {[%clk 0:01:57]}  Be7 {[%clk 0:00:58]} 26. Bf3 {[%clk 0:01:57]}  Rd8 {[%clk 0:00:58]} 27. Qe2 {[%clk 0:01:57]}  Bf8 {[%clk 0:00:58]} 28. Kg2 {[%clk 0:01:57]}  Nfd5 {[%clk 0:00:49]} 29. Nxd5 {[%clk 0:01:53]}  Nxd5 {[%clk 0:00:49]} 30. Bg3 {[%clk 0:01:52]}  a5 {[%clk 0:00:39]} 31. Qc4 {[%clk 0:01:49]}  axb4 {[%clk 0:00:38]} 32. axb4 {[%clk 0:01:48]}  Nxb4 {[%clk 0:00:31]} 33. Rb1 {[%clk 0:01:44]}  Nd5 {[%clk 0:00:28]} 34. Rc1 {[%clk 0:01:36]}  Qd7 {[%clk 0:00:27]} 35. Qb3 {[%clk 0:01:28]}  Qe7 {[%clk 0:00:18]} 36. Rb1 {[%clk 0:01:26]}  Rd7 {[%clk 0:00:17]} 37. Ra1 {[%clk 0:01:24]}  Nf6 {[%clk 0:00:16]} 38. Ra8 {[%clk 0:01:24]}  Ne4 {[%clk 0:00:14]} 39. Bf4 {[%clk 0:01:01]}  Nd2 {[%clk 0:00:14]} 40. Qe3 {[%clk 0:00:53]}  Nxf3 {[%clk 0:00:12]} 41. Qxe7 {[%clk 0:00:49]}  Rxe7 {[%clk 0:00:12]} 42. Bd6 {[%clk 0:00:47]}  Ne1+ {[%clk 0:00:08]} 43. Kf1 {[%clk 0:00:47]}  Re4 {[%clk 0:00:06]} 44. Rxf8+ {[%clk 0:00:42]}  Kh7 {[%clk 0:00:07]} 45. Rxf7 {[%clk 0:00:43]}  Nd3 {[%clk 0:00:07]} 46. Bf8 {[%clk 0:00:43]}  Kg8 {[%clk 0:00:07]} 47. Rxg7+ {[%clk 0:00:37]}  Kxf8 {[%clk 0:00:07]} 48. Rxb7 {[%clk 0:00:37]}  Rf4 {[%clk 0:00:05]} 49. Ke2 {[%clk 0:00:35]}  Rxf2+ {[%clk 0:00:03]} 50. Ke3 {[%clk 0:00:35]}  Rh2 {[%clk 0:00:02]} 51. Kxd3 {[%clk 0:00:36]}  Rxh3+ {[%clk 0:00:03]} 52. Ke4 {[%clk 0:00:37]}  Rg3 {[%clk 0:00:03]} 53. Kf4 {[%clk 0:00:37]}  Rg1 {[%clk 0:00:03]} 54. Rh7 {[%clk 0:00:38]}  c5 {[%clk 0:00:01]} 55. Rxh6 {[%clk 0:00:37]}  Rf1+ {[%clk 0:00:02]} 56. Kg5 {[%clk 0:00:37]}  Ke7 {[%clk 0:00:02]} 57. Rc6 {[%clk 0:00:37]}  Rc1 {[%clk 0:00:02]} 58. f6+ {[%clk 0:00:35]}  Kd7 {[%clk 0:00:01]} 59. Ra6 {[%clk 0:00:35]}  Rf1 {[%clk 0:00:02]} 60. Ra7+ {[%clk 0:00:34]}  Kd6 {[%clk 0:00:02]} 61. Kg6 {[%clk 0:00:34]}  Ke6 {[%clk 0:00:02]} 62. g5 {[%clk 0:00:34]}  c4 {[%clk 0:00:03]} 63. Rc7 {[%clk 0:00:34]}  Kd5 {[%clk 0:00:04]} 64. f7 {[%clk 0:00:35]}  Kd4 {[%clk 0:00:04]} 65. Kg7 {[%clk 0:00:35]}  c3 {[%clk 0:00:00]} 66. f8=Q {[%clk 0:00:36]} 1-0

[Event "April 9 Late 2024"]
[Site "Chess.com"]
[Date "2024.04.09"]
[Round "11"]
[White "Fiorito, Joaquin"]
[Black "Krzyzanowski, Marcin"]
[Result "0-1"]
[Board "24"]
[WhiteFideId "180173"]
[BlackFideId "1132199"]
[WhiteTitle "IM"]
[BlackTitle "GM"]
[WhiteElo "2731"]
[BlackElo "2813"]
[WhiteTeam "ARG"]
[BlackTeam "POL"]
[WhiteClock "0:00:04"]
[BlackClock "0:00:17"]
[Variant "Standard"]

1. d4 {[%clk 0:03:00]}  Nf6 {[%clk 0:02:59]} 2. c4 {[%clk 0:03:01]}  e6 {[%clk 0:02:59]} 3. Nc3 {[%clk 0:03:02]}  Bb4 {[%clk 0:02:59]} 4. f3 {[%clk 0:03:01]}  c5 {[%clk 0:02:49]} 5. d5 {[%clk 0:03:01]}  d6 {[%clk 0:02:45]} 6. e4 {[%clk 0:03:01]}  O-O {[%clk 0:02:44]} 7. Bd2 {[%clk 0:03:01]}  Re8 {[%clk 0:02:42]} 8. Nge2 {[%clk 0:02:50]}  exd5 {[%clk 0:02:38]} 9. cxd5 {[%clk 0:02:49]}  Nh5 {[%clk 0:02:29]} 10. h4 {[%clk 0:02:35]}  f5 {[%clk 0:02:21]} 11. exf5 {[%clk 0:01:55]}  Ng3 {[%clk 0:02:07]} 12. Rh3 {[%clk 0:01:51]}  Nxf5 {[%clk 0:02:02]} 13. Kf2 {[%clk 0:01:25]}  Nxh4 {[%clk 0:01:51]} 14. g4 {[%clk 0:01:20]}  Ng6 {[%clk 0:01:31]} 15. Qc2 {[%clk 0:01:19]}  Nd7 {[%clk 0:01:28]} 16. Nf4 {[%clk 0:01:19]}  Nde5 {[%clk 0:01:26]} 17. Nxg6 {[%clk 0:01:18]}  hxg6 {[%clk 0:01:23]} 18. Bd3 {[%clk 0:01:12]}  Qf6 {[%clk 0:01:22]} 19. Kg2 {[%clk 0:01:02]}  Nxd3 {[%clk 0:00:56]} 20. Qxd3 {[%clk 0:01:03]}  Qd4 {[%clk 0:00:51]} 21. Qc2 {[%clk 0:00:15]}  Bxg4 {[%clk 0:00:47]} 22. fxg4 {[%clk 0:00:14]}  Qxg4+ {[%clk 0:00:48]} 23. Rg3 {[%clk 0:00:14]}  Re2+ {[%clk 0:00:36]} 24. Nxe2 {[%clk 0:00:13]}  Qxe2+ {[%clk 0:00:37]} 25. Kh3 {[%clk 0:00:12]}  Qh5+ {[%clk 0:00:33]} 26. Kg2 {[%clk 0:00:13]}  Qxd5+ {[%clk 0:00:34]} 27. Kh2 {[%clk 0:00:11]}  Qxd2+ {[%clk 0:00:32]} 28. Qxd2 {[%clk 0:00:11]}  Bxd2 {[%clk 0:00:33]} 29. Rxg6 {[%clk 0:00:12]}  Bf4+ {[%clk 0:00:33]} 30. Kh3 {[%clk 0:00:11]}  Be5 {[%clk 0:00:31]} 31. Rd1 {[%clk 0:00:09]}  Kf7 {[%clk 0:00:29]} 32. Rg4 {[%clk 0:00:08]}  Rh8+ {[%clk 0:00:28]} 33. Kg2 {[%clk 0:00:09]}  Rh2+ {[%clk 0:00:29]} 34. Kg1 {[%clk 0:00:09]}  Rxb2 {[%clk 0:00:30]} 35. Rf1+ {[%clk 0:00:10]}  Ke6 {[%clk 0:00:29]} 36. a4 {[%clk 0:00:10]}  Rb4 {[%clk 0:00:26]} 37. Rg6+ {[%clk 0:00:09]}  Ke7 {[%clk 0:00:24]} 38. a5 {[%clk 0:00:10]}  b6 {[%clk 0:00:22]} 39. a6 {[%clk 0:00:10]}  Ra4 {[%clk 0:00:21]} 40. Rg5 {[%clk 0:00:09]}  Rxa6 {[%clk 0:00:20]} 41. Rgf5 {[%clk 0:00:10]}  Kd7 {[%clk 0:00:21]} 42. Rf8 {[%clk 0:00:10]}  Kc6 {[%clk 0:00:21]} 43. Rb1 {[%clk 0:00:04]}  Ra1 {[%clk 0:00:17]} 0-1

[Event "April 9 Late 2024"]
[Site "Chess.com"]
[Date "2024.04.09"]
[Round "11"]
[White "Gorovets, Andrey"]
[Black "Vlassov, Nikolai"]
[Result "1-0"]
[Board "26"]
[WhiteFideId "13504037"]
[BlackFideId "4103360"]
[WhiteTitle "GM"]
[BlackTitle "IM"]
[WhiteElo "2782"]
[BlackElo "2590"]
[WhiteTeam "BLR"]
[BlackTeam "FID"]
[WhiteClock "0:00:43"]
[BlackClock "0:01:39"]
[Variant "Standard"]

1. e4 {[%clk 0:02:58]}  Nc6 {[%clk 0:02:59]} 2. Nf3 {[%clk 0:02:58]}  d5 {[%clk 0:02:59]} 3. exd5 {[%clk 0:02:58]}  Qxd5 {[%clk 0:03:00]} 4. Nc3 {[%clk 0:02:58]}  Qa5 {[%clk 0:03:01]} 5. d4 {[%clk 0:02:57]}  Bg4 {[%clk 0:03:01]} 6. Bd2 {[%clk 0:02:52]}  O-O-O {[%clk 0:03:00]} 7. Nb5 {[%clk 0:02:19]}  Qb6 {[%clk 0:02:53]} 8. c3 {[%clk 0:02:11]}  e5 {[%clk 0:02:49]} 9. h3 {[%clk 0:02:06]}  Bxf3 {[%clk 0:02:46]} 10. Qxf3 {[%clk 0:02:07]}  exd4 {[%clk 0:02:45]} 11. Bc4 {[%clk 0:01:54]}  a6 {[%clk 0:02:38]} 12. Nxd4 {[%clk 0:01:49]}  Nxd4 {[%clk 0:02:39]} 13. cxd4 {[%clk 0:01:50]}  Qxb2 {[%clk 0:02:38]} 14. O-O {[%clk 0:01:32]}  Qxd2 {[%clk 0:02:38]} 15. Rab1 {[%clk 0:01:32]}  c6 {[%clk 0:02:19]} 16. Bxa6 {[%clk 0:01:27]}  Rd7 {[%clk 0:01:57]} 17. Bxb7+ {[%clk 0:01:04]}  Kd8 {[%clk 0:01:54]} 18. Bxc6 {[%clk 0:01:03]}  Bd6 {[%clk 0:01:52]} 19. Bxd7 {[%clk 0:00:59]}  Kxd7 {[%clk 0:01:52]} 20. Rb7+ {[%clk 0:01:00]}  Bc7 {[%clk 0:01:49]} 21. Qxf7+ {[%clk 0:00:47]}  Ne7 {[%clk 0:01:49]} 22. Rxc7+ {[%clk 0:00:47]}  Kxc7 {[%clk 0:01:49]} 23. Qxe7+ {[%clk 0:00:48]}  Kc6 {[%clk 0:01:39]} 24. Rb1 {[%clk 0:00:43]} 1-0

[Event "April 9 Late 2024"]
[Site "Chess.com"]
[Date "2024.04.10"]
[Round "11"]
[White "Kolb, Tobias"]
[Black "Brodsky, David"]
[Result "1/2-1/2"]
[Board "31"]
[WhiteFideId "12992321"]
[BlackFideId "2073250"]
[WhiteTitle "FM"]
[BlackTitle "GM"]
[WhiteElo "2630"]
[BlackElo "2775"]
[WhiteTeam "GER"]
[BlackTeam "USA"]
[WhiteClock "0:00:16"]
[BlackClock "0:00:06"]
[Variant "Standard"]

1. e4 {[%clk 0:03:00]}  c5 {[%clk 0:02:59]} 2. Nc3 {[%clk 0:03:00]}  Nc6 {[%clk 0:02:56]} 3. g3 {[%clk 0:03:01]}  g6 {[%clk 0:02:56]} 4. Bg2 {[%clk 0:03:02]}  Bg7 {[%clk 0:02:56]} 5. d3 {[%clk 0:03:03]}  d6 {[%clk 0:02:56]} 6. Be3 {[%clk 0:03:04]}  Rb8 {[%clk 0:02:56]} 7. Qd2 {[%clk 0:03:04]}  b5 {[%clk 0:02:55]} 8. Nf3 {[%clk 0:03:04]}  b4 {[%clk 0:02:51]} 9. Nd1 {[%clk 0:03:05]}  a5 {[%clk 0:02:39]} 10. O-O {[%clk 0:03:05]}  e6 {[%clk 0:02:37]} 11. Nh4 {[%clk 0:03:05]}  Nf6 {[%clk 0:02:18]} 12. Bh6 {[%clk 0:03:04]}  O-O {[%clk 0:02:15]} 13. Bxg7 {[%clk 0:03:04]}  Kxg7 {[%clk 0:02:16]} 14. Ne3 {[%clk 0:03:03]}  d5 {[%clk 0:02:10]} 15. exd5 {[%clk 0:02:53]}  exd5 {[%clk 0:02:09]} 16. c4 {[%clk 0:02:32]}  Ne7 {[%clk 0:01:26]} 17. cxd5 {[%clk 0:02:29]}  Nexd5 {[%clk 0:01:25]} 18. Rac1 {[%clk 0:02:29]}  Nxe3 {[%clk 0:01:17]} 19. Qxe3 {[%clk 0:02:25]}  Be6 {[%clk 0:01:13]} 20. Rxc5 {[%clk 0:02:01]}  Bxa2 {[%clk 0:01:08]} 21. Ra1 {[%clk 0:02:01]}  Re8 {[%clk 0:01:04]} 22. Re5 {[%clk 0:01:51]}  b3 {[%clk 0:00:45]} 23. Re1 {[%clk 0:01:37]}  Qd6 {[%clk 0:00:38]} 24. Qg5 {[%clk 0:01:11]}  Rxe5 {[%clk 0:00:32]} 25. Rxe5 {[%clk 0:01:11]}  Kh8 {[%clk 0:00:24]} 26. Rxa5 {[%clk 0:01:00]}  Re8 {[%clk 0:00:24]} 27. Bf3 {[%clk 0:00:58]}  Nd7 {[%clk 0:00:20]} 28. Qd5 {[%clk 0:00:54]}  Qxd5 {[%clk 0:00:17]} 29. Bxd5 {[%clk 0:00:54]}  Re2 {[%clk 0:00:12]} 30. Bxf7 {[%clk 0:00:45]}  Ne5 {[%clk 0:00:10]} 31. Bd5 {[%clk 0:00:42]}  Nxd3 {[%clk 0:00:09]} 32. Ra8+ {[%clk 0:00:36]}  Kg7 {[%clk 0:00:09]} 33. Ra7+ {[%clk 0:00:34]}  Kf6 {[%clk 0:00:09]} 34. Rf7+ {[%clk 0:00:29]}  Kg5 {[%clk 0:00:05]} 35. Nf3+ {[%clk 0:00:20]}  Kh6 {[%clk 0:00:05]} 36. Bc4 {[%clk 0:00:21]}  Rxb2 {[%clk 0:00:01]} 37. Bxd3 {[%clk 0:00:21]}  Bb1 {[%clk 0:00:01]} 38. Ne5 {[%clk 0:00:19]}  Bxd3 {[%clk 0:00:01]} 39. Nxd3 {[%clk 0:00:20]}  Rd2 {[%clk 0:00:02]} 40. Ne1 {[%clk 0:00:17]}  b2 {[%clk 0:00:02]} 41. Rb7 {[%clk 0:00:17]}  Rd1 {[%clk 0:00:03]} 42. Rxb2 {[%clk 0:00:17]}  Rxe1+ {[%clk 0:00:04]} 43. Kg2 {[%clk 0:00:18]}  Kg7 {[%clk 0:00:03]} 44. h4 {[%clk 0:00:18]}  h5 {[%clk 0:00:04]} 45. Rb7+ {[%clk 0:00:18]}  Kf6 {[%clk 0:00:04]} 46. Rb6+ {[%clk 0:00:19]}  Kf7 {[%clk 0:00:05]} 47. Kf3 {[%clk 0:00:19]}  Ra1 {[%clk 0:00:04]} 48. Kf4 {[%clk 0:00:20]}  Ra5 {[%clk 0:00:04]} 49. Rd6 {[%clk 0:00:19]}  Rf5+ {[%clk 0:00:05]} 50. Ke3 {[%clk 0:00:19]}  Ra5 {[%clk 0:00:06]} 51. f3 {[%clk 0:00:20]}  Ra4 {[%clk 0:00:05]} 52. Rd4 {[%clk 0:00:19]}  Ra6 {[%clk 0:00:04]} 53. Ke4 {[%clk 0:00:19]}  Kf6 {[%clk 0:00:04]} 54. Kf4 {[%clk 0:00:16]}  Rb6 {[%clk 0:00:04]} 55. Re4 {[%clk 0:00:14]}  Ra6 {[%clk 0:00:04]} 56. Rc4 {[%clk 0:00:15]}  Rb6 {[%clk 0:00:05]} 57. Rd4 {[%clk 0:00:15]}  Ra6 {[%clk 0:00:05]} 58. Ke4 {[%clk 0:00:15]}  Re6+ {[%clk 0:00:05]} 59. Kd3 {[%clk 0:00:15]}  Ra6 {[%clk 0:00:05]} 60. Ke3 {[%clk 0:00:15]}  Re6+ {[%clk 0:00:04]} 61. Re4 {[%clk 0:00:15]}  Ra6 {[%clk 0:00:05]} 62. Kf4 {[%clk 0:00:16]}  Rb6 {[%clk 0:00:05]} 63. Rd4 {[%clk 0:00:16]}  Ra6 {[%clk 0:00:05]} 64. Rd5 {[%clk 0:00:15]}  Ra4+ {[%clk 0:00:05]} 65. Ke3 {[%clk 0:00:16]}  Ra3+ {[%clk 0:00:05]} 66. Rd3 {[%clk 0:00:16]}  Ra6 {[%clk 0:00:05]} 67. Rd4 {[%clk 0:00:16]}  Ra3+ {[%clk 0:00:05]} 68. Kf4 {[%clk 0:00:16]}  Ra6 {[%clk 0:00:06]} 1/2-1/2

[Event "April 9 Late 2024"]
[Site "Chess.com"]
[Date "2024.04.09"]
[Round "11"]
[White "Matinian, Nikita"]
[Black "Olhovik, Andrei"]
[Result "0-1"]
[Board "33"]
[WhiteFideId "24129100"]
[BlackFideId "13507397"]
[WhiteTitle "GM"]
[BlackTitle "FM"]
[WhiteElo "2759"]
[BlackElo "2615"]
[WhiteTeam "FID"]
[BlackTeam "FID"]
[WhiteClock "0:00:00"]
[BlackClock "0:00:17"]
[Variant "Standard"]

1. e4 {[%clk 0:02:48]}  c5 {[%clk 0:02:59]} 2. Nc3 {[%clk 0:02:45]}  g6 {[%clk 0:02:56]} 3. d4 {[%clk 0:02:44]}  Bg7 {[%clk 0:02:54]} 4. d5 {[%clk 0:02:43]}  d6 {[%clk 0:02:54]} 5. Nf3 {[%clk 0:02:39]}  Nf6 {[%clk 0:02:54]} 6. Bb5+ {[%clk 0:02:39]}  Nbd7 {[%clk 0:02:53]} 7. a4 {[%clk 0:02:38]}  O-O {[%clk 0:02:53]} 8. O-O {[%clk 0:02:38]}  Rb8 {[%clk 0:02:47]} 9. Re1 {[%clk 0:02:38]}  a6 {[%clk 0:02:46]} 10. Bf1 {[%clk 0:02:37]}  Nb6 {[%clk 0:02:47]} 11. a5 {[%clk 0:02:36]}  Na8 {[%clk 0:02:47]} 12. e5 {[%clk 0:02:32]}  Ne8 {[%clk 0:02:46]} 13. e6 {[%clk 0:02:23]}  fxe6 {[%clk 0:02:42]} 14. Ng5 {[%clk 0:02:23]}  e5 {[%clk 0:02:42]} 15. h4 {[%clk 0:02:21]}  Nf6 {[%clk 0:02:36]} 16. Be2 {[%clk 0:02:04]}  Nc7 {[%clk 0:02:31]} 17. h5 {[%clk 0:01:38]}  h6 {[%clk 0:02:31]} 18. Nge4 {[%clk 0:01:34]}  g5 {[%clk 0:02:29]} 19. Nxg5 {[%clk 0:01:30]}  hxg5 {[%clk 0:02:29]} 20. Bxg5 {[%clk 0:01:31]}  Nh7 {[%clk 0:02:23]} 21. Be3 {[%clk 0:01:26]}  Kh8 {[%clk 0:02:04]} 22. Ra4 {[%clk 0:01:22]}  Bf6 {[%clk 0:02:02]} 23. Bd3 {[%clk 0:01:10]}  Bd7 {[%clk 0:02:00]} 24. Rg4 {[%clk 0:01:04]}  Rg8 {[%clk 0:01:48]} 25. Rg6 {[%clk 0:01:04]}  Qf8 {[%clk 0:01:27]} 26. Qf3 {[%clk 0:00:55]}  Be8 {[%clk 0:01:10]} 27. Rh6 {[%clk 0:00:48]}  Rg7 {[%clk 0:01:06]} 28. Bg5 {[%clk 0:00:31]}  Bb5 {[%clk 0:00:41]} 29. Nxb5 {[%clk 0:00:27]}  axb5 {[%clk 0:00:33]} 30. Qf5 {[%clk 0:00:19]}  Qf7 {[%clk 0:00:29]} 31. Bxf6 {[%clk 0:00:08]}  exf6 {[%clk 0:00:28]} 32. Re3 {[%clk 0:00:09]}  Nxd5 {[%clk 0:00:20]} 33. Rg3 {[%clk 0:00:09]}  Rbg8 {[%clk 0:00:20]} 34. Rgg6 {[%clk 0:00:01]}  Nf4 {[%clk 0:00:19]} 35. Be4 {[%clk 0:00:01]}  d5 {[%clk 0:00:18]} 36. Rxg7 {[%clk 0:00:00]}  Rxg7 {[%clk 0:00:17]} 0-1

[Event "April 9 Late 2024"]
[Site "Chess.com"]
[Date "2024.04.09"]
[Round "11"]
[White "Adla, Diego"]
[Black "Gokhale Rishabh Chandrashekhar"]
[Result "1-0"]
[Board "35"]
[WhiteFideId "100072"]
[BlackFideId "35007416"]
[WhiteTitle "IM"]
[WhiteElo "2700"]
[BlackElo "2608"]
[WhiteTeam "ARG"]
[BlackTeam "IND"]
[WhiteClock "0:00:59"]
[BlackClock "0:00:13"]
[Variant "Standard"]

1. Nf3 {[%clk 0:03:00]}  Nf6 {[%clk 0:02:59]} 2. g3 {[%clk 0:03:00]}  g6 {[%clk 0:02:56]} 3. b3 {[%clk 0:03:00]}  Bg7 {[%clk 0:02:57]} 4. Bb2 {[%clk 0:03:00]}  O-O {[%clk 0:02:58]} 5. Bg2 {[%clk 0:02:59]}  a5 {[%clk 0:02:59]} 6. O-O {[%clk 0:02:41]}  d6 {[%clk 0:02:58]} 7. d4 {[%clk 0:02:38]}  a4 {[%clk 0:02:58]} 8. c4 {[%clk 0:02:33]}  Nc6 {[%clk 0:02:55]} 9. d5 {[%clk 0:02:30]}  Nb8 {[%clk 0:02:55]} 10. b4 {[%clk 0:02:28]}  e5 {[%clk 0:02:54]} 11. dxe6 {[%clk 0:02:25]}  Bxe6 {[%clk 0:02:54]} 12. Qc1 {[%clk 0:02:20]}  Qc8 {[%clk 0:02:50]} 13. a3 {[%clk 0:02:16]}  Bh3 {[%clk 0:02:49]} 14. Nc3 {[%clk 0:02:11]}  Nc6 {[%clk 0:02:44]} 15. Nd5 {[%clk 0:02:08]}  Nxd5 {[%clk 0:02:26]} 16. cxd5 {[%clk 0:02:08]}  Ne5 {[%clk 0:02:13]} 17. Bxh3 {[%clk 0:01:57]}  Qxh3 {[%clk 0:02:14]} 18. Nxe5 {[%clk 0:01:57]}  dxe5 {[%clk 0:02:06]} 19. Qxc7 {[%clk 0:01:56]}  Rac8 {[%clk 0:02:06]} 20. Qxb7 {[%clk 0:01:54]}  Rc2 {[%clk 0:02:06]} 21. Rab1 {[%clk 0:01:46]}  Rxe2 {[%clk 0:02:05]} 22. d6 {[%clk 0:01:46]}  Rd8 {[%clk 0:01:58]} 23. Qe7 {[%clk 0:01:34]}  Qd7 {[%clk 0:01:21]} 24. Rfe1 {[%clk 0:01:32]}  Rxe1+ {[%clk 0:01:11]} 25. Rxe1 {[%clk 0:01:31]}  Qxd6 {[%clk 0:01:12]} 26. Qxd6 {[%clk 0:01:26]}  Rxd6 {[%clk 0:01:13]} 27. Bxe5 {[%clk 0:01:14]}  Re6 {[%clk 0:00:41]} 28. f4 {[%clk 0:01:13]}  f6 {[%clk 0:00:41]} 29. Bc3 {[%clk 0:01:13]}  Rc6 {[%clk 0:00:36]} 30. Re3 {[%clk 0:01:09]}  f5 {[%clk 0:00:33]} 31. Bxg7 {[%clk 0:01:08]}  Kxg7 {[%clk 0:00:34]} 32. Kf2 {[%clk 0:01:08]}  Rc2+ {[%clk 0:00:33]} 33. Kf3 {[%clk 0:01:07]}  Rxh2 {[%clk 0:00:32]} 34. Re7+ {[%clk 0:01:06]}  Kf6 {[%clk 0:00:28]} 35. Ra7 {[%clk 0:01:07]}  Rb2 {[%clk 0:00:20]} 36. Rxa4 {[%clk 0:01:06]}  Rb3+ {[%clk 0:00:21]} 37. Kg2 {[%clk 0:01:06]}  h6 {[%clk 0:00:21]} 38. Ra6+ {[%clk 0:01:04]}  Kf7 {[%clk 0:00:21]} 39. Ra5 {[%clk 0:01:01]}  Kf6 {[%clk 0:00:21]} 40. b5 {[%clk 0:01:01]}  g5 {[%clk 0:00:21]} 41. Ra6+ {[%clk 0:01:00]}  Kg7 {[%clk 0:00:21]} 42. fxg5 {[%clk 0:01:00]}  hxg5 {[%clk 0:00:22]} 43. b6 {[%clk 0:01:01]}  Kf6 {[%clk 0:00:20]} 44. a4 {[%clk 0:01:00]}  Ke5 {[%clk 0:00:20]} 45. a5 {[%clk 0:01:01]}  f4 {[%clk 0:00:19]} 46. gxf4+ {[%clk 0:01:00]}  gxf4 {[%clk 0:00:19]} 47. Ra7 {[%clk 0:01:01]}  Ke4 {[%clk 0:00:19]} 48. Re7+ {[%clk 0:00:59]}  Kd5 {[%clk 0:00:19]} 49. b7 {[%clk 0:00:59]}  Kc6 {[%clk 0:00:16]} 50. a6 {[%clk 0:00:59]}  f3+ {[%clk 0:00:14]} 51. Kf2 {[%clk 0:00:59]}  Kd6 {[%clk 0:00:15]} 52. Re8 {[%clk 0:00:59]}  Rb2+ {[%clk 0:00:14]} 53. Kxf3 {[%clk 0:00:59]}  Rb3+ {[%clk 0:00:15]} 54. Ke2 {[%clk 0:00:59]}  Rb2+ {[%clk 0:00:15]} 55. Kd3 {[%clk 0:00:59]}  Rb3+ {[%clk 0:00:15]} 56. Kc2 {[%clk 0:01:00]}  Rxb7 {[%clk 0:00:13]} 57. axb7 {[%clk 0:00:59]} 1-0

[Event "April 9 Late 2024"]
[Site "Chess.com"]
[Date "2024.04.09"]
[Round "11"]
[White "Yagupov, Igor"]
[Black "Lin, Bryan Enming"]
[Result "0-1"]
[Board "36"]
[WhiteFideId "4113632"]
[BlackFideId "30987121"]
[WhiteTitle "GM"]
[WhiteElo "2595"]
[BlackElo "2691"]
[WhiteTeam "RUS"]
[BlackTeam "USA"]
[WhiteClock "0:02:00"]
[BlackClock "0:01:36"]
[Variant "Standard"]

1. e4 {[%clk 0:02:55]}  e5 {[%clk 0:03:00]} 2. Nf3 {[%clk 0:02:53]}  Nc6 {[%clk 0:03:00]} 3. Bb5 {[%clk 0:02:52]}  a6 {[%clk 0:03:00]} 4. Ba4 {[%clk 0:02:51]}  Nf6 {[%clk 0:03:00]} 5. O-O {[%clk 0:02:50]}  Be7 {[%clk 0:03:00]} 6. Re1 {[%clk 0:02:50]}  O-O {[%clk 0:03:00]} 7. Bxc6 {[%clk 0:02:47]}  dxc6 {[%clk 0:02:53]} 8. Nxe5 {[%clk 0:02:47]}  Bc5 {[%clk 0:02:51]} 9. d3 {[%clk 0:02:43]}  Bxf2+ {[%clk 0:02:48]} 10. Kxf2 {[%clk 0:02:41]}  Qd4+ {[%clk 0:02:48]} 11. Kf1 {[%clk 0:02:29]}  Qxe5 {[%clk 0:02:47]} 12. h3 {[%clk 0:02:30]}  Qg3 {[%clk 0:02:29]} 13. Be3 {[%clk 0:02:24]}  Bxh3 {[%clk 0:02:02]} 14. gxh3 {[%clk 0:02:22]}  Qxh3+ {[%clk 0:02:02]} 15. Ke2 {[%clk 0:02:18]}  Ng4 {[%clk 0:01:42]} 16. Qd2 {[%clk 0:02:09]}  f5 {[%clk 0:01:39]} 17. Nc3 {[%clk 0:02:02]}  fxe4 {[%clk 0:01:37]} 18. Nxe4 {[%clk 0:02:00]}  Qf3# {[%clk 0:01:36]} 0-1

[Event "April 9 Late 2024"]
[Site "Chess.com"]
[Date "2024.04.09"]
[Round "11"]
[White "Domingo Nunez, Ruben"]
[Black "Santos Flores, Alberto"]
[Result "1-0"]
[Board "37"]
[WhiteFideId "22245570"]
[BlackFideId "3601234"]
[WhiteTitle "IM"]
[BlackTitle "IM"]
[WhiteElo "2687"]
[BlackElo "2560"]
[WhiteTeam "ESP"]
[BlackTeam "ECU"]
[WhiteClock "0:00:13"]
[BlackClock "0:00:17"]
[Variant "Standard"]

1. Nc3 {[%clk 0:02:50]}  Nf6 {[%clk 0:02:57]} 2. e4 {[%clk 0:02:50]}  d5 {[%clk 0:02:56]} 3. e5 {[%clk 0:02:50]}  d4 {[%clk 0:02:56]} 4. exf6 {[%clk 0:02:50]}  dxc3 {[%clk 0:02:55]} 5. fxg7 {[%clk 0:02:45]}  cxd2+ {[%clk 0:02:55]} 6. Bxd2 {[%clk 0:02:44]}  Bxg7 {[%clk 0:02:55]} 7. c3 {[%clk 0:02:44]}  Bf5 {[%clk 0:02:51]} 8. Qb3 {[%clk 0:02:40]}  Nd7 {[%clk 0:02:40]} 9. Qxb7 {[%clk 0:02:25]}  Rb8 {[%clk 0:02:40]} 10. Qf3 {[%clk 0:02:26]}  Bg6 {[%clk 0:02:12]} 11. O-O-O {[%clk 0:02:03]}  O-O {[%clk 0:01:53]} 12. Bf4 {[%clk 0:01:23]}  e5 {[%clk 0:01:46]} 13. Be3 {[%clk 0:01:23]}  c5 {[%clk 0:01:40]} 14. Bc4 {[%clk 0:01:19]}  Qb6 {[%clk 0:01:35]} 15. Rd2 {[%clk 0:00:38]}  e4 {[%clk 0:01:31]} 16. Qe2 {[%clk 0:00:29]}  Bxc3 {[%clk 0:01:26]} 17. Rxd7 {[%clk 0:00:20]}  Bxb2+ {[%clk 0:01:26]} 18. Kc2 {[%clk 0:00:20]}  Be5 {[%clk 0:01:12]} 19. Bb3 {[%clk 0:00:20]}  Qc6 {[%clk 0:01:01]} 20. Rd5 {[%clk 0:00:19]}  c4 {[%clk 0:00:56]} 21. Qxc4 {[%clk 0:00:19]}  Qf6 {[%clk 0:00:53]} 22. Ne2 {[%clk 0:00:16]}  Rfc8 {[%clk 0:00:35]} 23. Rc5 {[%clk 0:00:16]}  Rxc5 {[%clk 0:00:35]} 24. Qxc5 {[%clk 0:00:17]}  Qf5 {[%clk 0:00:24]} 25. Kb1 {[%clk 0:00:16]}  Qg4 {[%clk 0:00:21]} 26. Qxe5 {[%clk 0:00:13]}  Qxe2 {[%clk 0:00:17]} 27. Qxb8+ {[%clk 0:00:13]} 1-0